Growing rubber in the drier areas of the Philippines: Lessons from experience and their scientific and practical implications (Record no. 60108)

MARC details
000 -LEADER
fixed length control field 00657nam a2200193Ia 4500
100 ## - MAIN ENTRY--AUTHOR NAME
Personal name Solera Carlito R
245 #0 - TITLE STATEMENT
Title Growing rubber in the drier areas of the Philippines: Lessons from experience and their scientific and practical implications
260 ## - PUBLICATION, DISTRIBUTION, ETC. (IMPRINT)
Name of publisher IRRDB Natural Rubber Conference 2008, 13-15 October 2008, Kuala Lumpur, Malaysia: Abstract of papers
500 ## - GENERAL NOTE
General note Source Year: 2008
650 ## - SUBJECT ADDED ENTRY--TOPICAL TERM
Topical Term Drier areas
650 ## - SUBJECT ADDED ENTRY--TOPICAL TERM
Topical Term Growth
650 ## - SUBJECT ADDED ENTRY--TOPICAL TERM
Topical Term Latex yield
700 ## - ADDED ENTRY--PERSONAL NAME
Personal name Eleazar Nicomeses
700 ## - ADDED ENTRY--PERSONAL NAME
Personal name Galang Rodolfo
700 ## - ADDED ENTRY--PERSONAL NAME
Personal name Gapasin Ernesto R
856 ## - ELECTRONIC LOCATION AND ACCESS
Uniform Resource Identifier Abst only
942 ## - ADDED ENTRY ELEMENTS (KOHA)
Koha item type Journals
Holdings
Withdrawn status Lost status Damaged status Not for loan Home library Current library Shelving location Date acquired Koha item type
      Journals RRII Library RRII Library Botany 27/01/2009 Journals